| 000 | 01066nam a2200229 i 4500 | ||
|---|---|---|---|
| 001 | 181811 | ||
| 003 | ES-MaACL | ||
| 005 | 20230906221447.0 | ||
| 008 | 130327s1931 sp | |||| ||spa d | ||
| 080 | _a904(460.27):7.033.4 | ||
| 100 | 1 |
_aFernández Godín, Saturio. _9152543 |
|
| 245 | 1 | 0 |
_aExcavaciones en la necrópolis visigoda de Daganzo de Arriba (Madrid) _b: memoria de los trabajos realizados en 1930 / _cpresentada por el concesionario Saturio Fernández Godín y José Pérez de Barradas. |
| 260 |
_aMadrid : _b[s.n.], _c1931 ( _fTipografía de Archivos) |
||
| 300 |
_a15 p., XIV h. de lám. ; _c24 cm. |
||
| 490 | 1 |
_aJunta Superior de Excavaciones y Antigüedades ; _vn. 114 = n. 3, 1930 |
|
| 651 | 4 |
_aDaganzo de Arriba- _xRestos arqueológicos visigóticos. _9152544 |
|
| 700 | 1 |
_aPérez de Barradas, José. _990766 |
|
| 710 | 2 |
_aEspaña. _bJunta Superior de Excavaciones y Antigüedades. _9152463 |
|
| 830 | 0 |
_aJunta Superior de Excavaciones y Antigüedades ; _vn. 114 = n. 3, 1930 _9191570 |
|
| 852 |
_aES-MaACL _jE-3379(3) |
||
| 999 |
_c181811 _d181811 |
||